World Lutes - Statistics

General Stats
  • This quiz has been taken 9 times
  • The average score is 8 of 16
Answer Stats
Picture Answer % Correct
Guitar
100%
Ukulele
100%
Violin
100%
Banjo
80%
Mandolin
80%
Sitar
60%
Balalaika
40%
Bouzouki
40%
Baglama
20%
Charango
20%
Cuatro
20%
Domra
20%
Oud
20%
Portuguese Guitar
20%
Shamisen
20%
Theorbo
20%
No matching quizzes found
Score Distribution
Percent of People with Each Score
Percentile by Number Answered
Your Score History
You have not taken this quiz